| 000 | 01066nam a2200325Ia 4500 | ||
|---|---|---|---|
| 003 | CO-BoRNBP | ||
| 005 | 20241015080530.0 | ||
| 007 | ta | ||
| 008 | 130821s2001 sp gr spa | ||
| 020 | _a8466301011 | ||
| 040 |
_aCo-BoUCM _bspa _cCo-BoUCM |
||
| 041 | 0 | 0 | _aspa |
| 082 | 0 | 4 | _a863.64 |
| 084 | _aN MUÑ | ||
| 100 | 1 |
_aMuñoz Molina, Antonio _d1956- _942997 |
|
| 245 | 1 | 0 |
_aCarlota Fainberg _bLa tenue frontera donde pueden coexistir el amor y la muerte/ _cAntonio Muñoz Molina |
| 250 | _aCuarta edición | ||
| 264 | 4 |
_aMadrid, España _bSuma de Letras S.L. _c©2001 |
|
| 300 | _a191 páginas | ||
| 336 |
_2rdacontent _atexto _btxt |
||
| 337 |
_2rdamedia _asin mediación _bn |
||
| 338 |
_2rdacarrier _avolumen _bnc |
||
| 490 | 0 |
_aPunto de Lectura _v006/03 |
|
| 650 | 0 | 4 |
_aAmor en la literatura _2LEMB _969 |
| 650 | 0 | 4 |
_aLiteratura española _2LEMB _9489 |
| 650 | 0 | 4 |
_aLiteratura europea _2LEMB _942998 |
| 650 | 0 | 4 |
_aMuerte en la literatura _2LEMB _91050 |
| 650 | 0 | 4 |
_aNovela española _2LEMB _9488 |
| 942 |
_cBKLIT _a18 _2ddc _h863.64 |
||
| 999 |
_c38443 _d38443 |
||